000 00783nam a2200253 i 4500
003 DO-SdBNP
005 20250521092719.0
007 ta
008 250521b2009 dr d|||| |||| 00| 0 spa d
040 _aDO-SdBNP
_bspa
_cBNPHU
_erda
041 _aspa
082 4 _axxx
_bxxx
_222
100 _aMartínez Roa, Miguel L.,
_eautor
_4aut.
_987844
245 1 0 _aConceptos básicos de comunicación de datos /
_cMiguel L. Martínez Roa
250 _aSegunda edición
264 4 _aSanto Domingo :
_bEditora Universitaria-UASD,
_c©2009.
300 _a438 páginas :
_bgráficos ;
_c22 cm.
336 _atexto
_btxt
_2rdacontent
337 _asin mediación
_bn
_2rdamedia
338 _avolumen
_bnc
_2rdacarrier
590 _aInventariado, 2025/BT
910 _aBtavárez
942 _2ddc
_cLBS1
999 _c59068
_d59068